Mr. & Mrs. Hay the horse / (Record no. 276)

MARC details
000 -LEADER
fixed length control field 01158nam a22003497a 4500
001 - CONTROL NUMBER
control field 276
003 - CONTROL NUMBER IDENTIFIER
control field FISKH
005 - DATE AND TIME OF LATEST TRANSACTION
control field 20241107112517.0
008 - FIXED-LENGTH DATA ELEMENTS--GENERAL INFORMATION
fixed length control field 230314b cb ||||| |||| 00| 0 eng d
010 ## - LIBRARY OF CONGRESS CONTROL NUMBER
LC control number 81084173
020 ## - INTERNATIONAL STANDARD BOOK NUMBER
International Standard Book Number 9780140312478
040 ## - CATALOGING SOURCE
Original cataloging agency DLC
Transcribing agency DLC
Modifying agency DLC
-- FISKH
Language of cataloging eng
042 ## - AUTHENTICATION CODE
Authentication code lcac
050 00 - LIBRARY OF CONGRESS CALL NUMBER
Classification number PZ7.A2688
Item number Mq 1982
082 00 - DEWEY DECIMAL CLASSIFICATION NUMBER
Classification number 428.6
Edition number 19
100 1# - MAIN ENTRY--PERSONAL NAME
Personal name Ahlberg, Allan.
245 10 - TITLE STATEMENT
Title Mr. & Mrs. Hay the horse /
Statement of responsibility, etc. by Allan Ahlberg ; illustrated by Colin McNaughton.
260 ## - PUBLICATION, DISTRIBUTION, ETC.
Place of publication, distribution, etc. London
Name of publisher, distributor, etc. Puffin
Date of publication, distribution, etc. 1981
300 ## - PHYSICAL DESCRIPTION
Extent 11 leaves of plates
Other physical details col. ill. ;
Dimensions 20 cm.
440 #0 - SERIES STATEMENT/ADDED ENTRY--TITLE
Title Wacky families ;
Volume/sequential designation 4
505 ## - FORMATTED CONTENTS NOTE
Formatted contents note H
520 ## - SUMMARY, ETC.
Summary, etc. Henry and Henrietta Hay are embarrassed because their circus performer parents, in contrast to other mothers and fathers, go everywhere happily wearing their horse suit.
521 8# - TARGET AUDIENCE NOTE
Target audience note 500 <br/>
Source Lexile
521 8# - TARGET AUDIENCE NOTE
Target audience note H <br/>
Source Raz-Plus
650 #1 - SUBJECT ADDED ENTRY--TOPICAL TERM
Topical term or geographic name entry element Circus
General subdivision Fiction.
650 #1 - SUBJECT ADDED ENTRY--TOPICAL TERM
Topical term or geographic name entry element Entertainers
General subdivision Fiction.
650 #1 - SUBJECT ADDED ENTRY--TOPICAL TERM
Topical term or geographic name entry element Parent and child
General subdivision Fiction.
700 1# - ADDED ENTRY--PERSONAL NAME
Personal name McNaughton, Colin,
Relator term ill.
740 0# - ADDED ENTRY--UNCONTROLLED RELATED/ANALYTICAL TITLE
Uncontrolled related/analytical title Mr. and Mrs. Hay the horse.
906 ## - LOCAL DATA ELEMENT F, LDF (RLIN)
a 7
b cbc
c orignew
d 3
e opcn
f 19
g y-gencatlg
942 ## - ADDED ENTRY ELEMENTS (KOHA)
Source of classification or shelving scheme Dewey Decimal Classification
Koha item type Books
Suppress in OPAC No
Holdings
Withdrawn status Lost status Source of classification or shelving scheme Damaged status Not for loan Collection Home library Current library Shelving location Date acquired Total Checkouts Full call number Barcode Date last seen Price effective from Koha item type Date due Date last checked out Copy number
    Dewey Decimal Classification     Juvenile Fiction Footprints International School Library Network Toul Kork Campus Footprints International School Library Network Toul Kork Campus   03/14/2023   AHL 428.6 PZ7.A2688 2023-0016 03/14/2023 03/14/2023 Books      
    Dewey Decimal Classification     Juvenile Fiction Footprints International School Library Network Toul Kork Campus Footprints International School Library Network Toul Kork Campus TK Primary Library Room(4th Floor), Bookcase 1&2, Shelves 1-16, Dark Blue Books 11/07/2024 1 AHL 428.6 PZ7.A2688 2024-2300 04/08/2026 11/07/2024 Books 04/22/2026 04/08/2026 2